MDQL
is popping MORE tags! Check the
thread
!
Quizzes
Events
Quiz Creation
Community
Videos
Private Events
Remove Ads
Sign In
Join for FREE
Feedback
Dark Mode
Quiz Categories
Sports
Geography
Music
Movies
Television
Just For Fun
Miscellaneous
History
Literature
Language
Science
Gaming
Entertainment
Religion
Holiday
For Kids
Quiz Lab
Recent
Popular Today
Quiz Kudos Today
Editor Picks
Curator Picks
Quizzes by...
Day
Popularity
Type
Ratings
Length
Year
Community
Subscriptions
Recent Discussions
Orange Saloon
Badges
Playlists
Quests
Create
Leaderboards
Showdown
Live 5
Trivia Bingo
Activity
Puzzle Library
Sporcle Events
Private Events
Virtual Trivia
Globe League
Become a Host
Pub Owners
SporcleCon
Opinionation
Our Games
Videos
Blog
Mobile Apps
Partnerships
Remove Ads and Go Orange
Feedback
Movies
Disney
Marvel Cinematic Universe
Movie Resume
Movie Titles
Oscar
Actor
Actress
Director
Pixar
Role
Movie Quotes
Movie Characters
Box Office
Nominee
Best Picture
Star Wars
James Bond
Horror Movies
Movies
Disney
Marvel Cinematic Universe
Movie Resume
Movie Titles
Oscar
Actor
Actress
Director
Pixar
Role
Movie Quotes
Movie Characters
Box Office
Nominee
Best Picture
Star Wars
James Bond
Horror Movies
Random Quiz
Search Sporcle
×
Quiz Lab
Quiz Lab
Movies
Character
Type in answers that appear in a list
Type in answers that appear in a list
Classic
Best Score? Go Orange.
Mia Farrow Movies Stats
Can you name the films Mia Farrow has appeared in?
By
lionel87
7m
43 Questions
84 Plays
84 Plays
84 Plays
Comments
Comments
Give Quiz Kudos
Give Quiz Kudos
-
- Ratings
hide this ad
Replay
Link that replays current quiz
Next Quiz
Link to next quiz in quiz playlist
You Got
0%
They Got
Avg Score
40%
Avg Friend Score
Upgrade to see
Score Distribution
Jump to the score distribution portion of the page
Score
0/43
Timer
07:00
0
Plays Today
Year
Film
% Correct
1968
Rosemary's Baby
96.4%
1986
Hannah and Her Sisters
92.9%
1985
The Purple Rose of Cairo
86.9%
1974
The Great Gatsby
79.8%
1990
Alice
78.6%
1987
Radio Days
73.8%
1989
Crimes and Misdemeanors
70.2%
1987
September
69%
1982
A Midsummer Night's Sex Comedy
67.9%
1992
Husbands and Wives
67.9%
1983
Zelig
65.5%
1984
Broadway Danny Rose
59.5%
1988
Another Woman
57.1%
1978
Death on the Nile
54.8%
1992
Shadows and Fog
53.6%
2006
The Omen
46.4%
1989
New York Stories
44%
1982
The Last Unicorn
41.7%
1978
Avalanche
34.5%
1978
A Wedding
33.3%
2007
Arthur and the Invisibles
29.8%
2007
The Ex
27.4%
Year
Film
% Correct
1971
See No Evil
26.2%
1979
Hurricane
26.2%
1995
Miami Rhapsody
26.2%
2008
Be Kind Rewind
26.2%
2009
Arthur and the Great Adventure
26.2%
1982
Sarah and the Squirrel
25%
2010
Arthur 3: The War of Two Worlds
25%
1984
Supergirl
23.8%
1969
John and Mary
22.6%
2011
Dark Horse
22.6%
1994
Widows' Peak
21.4%
1977
The Haunting of Julia
20.2%
1964
Guns at Batasi
15.5%
1968
Secret Ceremony
15.5%
1995
Reckless
15.5%
2002
Purpose
15.5%
1996
Angela Mooney Dies Again
14.8%
1999
Coming Soon
14.3%
1968
A Dandy in Aspic
10.7%
1972
The Public Eye
10.7%
1972
Scoundrel in White
4.9%
Quiz Playlist
Details
Report
Send in Message
Add To Playlist
Classic:
Type in answers that appear in a list
Last Updated: Feb 16, 2017
Quiz Scoreboard
CHALLENGE
Sign Up to Join the Scoreboard
Show All
Scores
Hide
Comments
May contain spoilers
Recently Published
Find the 'City' Movie
by crazypaving
Movies
60s
5x2 Blitz: Bands
by SL_Kpop136
Music
30s
Colored Red Africa Blitz
by spor1
Geography
30s
More to Explore
Quiz From the Vault
Featured Blog Post
14 Easter Pick-up Lines to Find Eggs With
hide this ad
You Might Also Like...
Tags
Character
mia
Starred
Today's Top Quizzes in Movies
Browse Movies
hide this ad
Today's Top Quizzes in Character
Browse Character
Top Contributed Quizzes in Movies
1
Find The 'Big' Movie
2
Find The 'Wild' Movie
3
Find The 'Blue' Movie
4
Movies By Plot
5
Pick 5 Posters: Directed by Spielberg
6
Hidden Star Wars Character II
7
Hidden Star Wars Character III
8
Hidden Star Wars Character IV
9
Alfred Hitchcock Movies by Plot
10
Hidden Star Wars Character V
Explore More
Trending Topics
NBA
Harry Potter
Anime
Crossword
Kpop
Disney
Marvel
Pokémon
Soccer
Puzzle
Country
The Office
WWE
Song
NFL
hide this ad
More By:
lionel87
Quiz
Plays
Rating
Category
Featured
Created
Airlines serving Birmingham Airport UK
618
2.75
Geography
Dec 7, 2010
UK Busiest Airports
358
4.00
Miscellaneous
Dec 31, 2010
One-syllable British National Rail stations
296
5.00
Geography
Apr 2, 2019
Local Councils in the East of England
210
Geography
Mar 25, 2011
Local Councils in North West England
189
5.00
Geography
Mar 25, 2011
Go to Creator's Profile
Score Distribution
Quiz Creator Spotlight
lionel87
Follow
Send a Message
Quizzes Created
-
Created Quiz Play Count
-
More By This Creator
Popular Quizzes Today
1
Find the 'City' Movie
2
Colored Red Africa Blitz
3
5x2 Blitz: Bands
4
Find the US States - No Outlines Minefield
5
The Countries of the World
6
Find the US States
7
US States
8
9x9 Crossword: Cartoon Network
More Movies Quizzes
Movie by Clue(do) Room - Lounge
Quiz Lab
Trending Quizzes
Colored Red Europe Blitz I
Colored Red Africa Blitz II
Colored Red Europe Blitz II
Colored Red Europe Blitz III
Colored Red Africa Blitz III
Recently Updated
Famous TV Couples
Peacemaker
Champions League XIs: Real Madrid
pecheneg
Largest US Cities 1790-2010
pecheneg
Rides in Walt Disney World
pecheneg
Most Oscar Losses (Acting)
pecheneg
Beyoncé Albums
pecheneg
Leaping Animals
pecheneg
Reality TV Shows (A-Z)
bhenderson79
Rickey Henderson's Hall of Fame Teammates
pecheneg
Champions League XIs: Arsenal
pecheneg
Trending Topics
Disney
Anime
Marvel
Crossword
Harry Potter
NBA
Kpop
The Office
Country
Pokémon
NFL
Song
Soccer
WWE
Puzzle
Your Account Isn't Verified!
In order to create a playlist on Sporcle, you need to verify the email address you used during registration. Go to your
Sporcle Settings
to finish the process.
Report this User
Report this user for behavior that violates our
Community Guidelines
.
Details:
Send Report
Go to the Sporcle.com Mobile Site →
Comments